IRERS 2008 : Technical Visit to The Mines :

Bibliographic Details
Corporate Author: Institut Penilaian Negara
Format: Book
Published: Seri Kembangan : The Mines Palace of the Golden Houses , 2008

MARC

LEADER 00000cam a2200000 7i4500
001 0000021741
005 20080623.0
040 |a INS 
090 0 0 |a VCD 1339 
245 0 0 |a IRERS 2008 :   |b Technical Visit to The Mines :   |b 30th April 2008 [  |h video disc] 
260 |a Seri Kembangan :   |b The Mines Palace of the Golden Houses ,   |c 2008 
300 |a 1 video disc ( 30 min.) :   |b col. snd. ;   |c 4 3/4 in. 
710 1 |a Institut Penilaian Negara 
999 |a VCD0001339   |b VIDEO CD   |c Media Collection   |e Default branch